Targeted identity-safety interventions cause lasting reductions in discipline citations among negatively stereotyped boys / (Record no. 20941)
[ view plain ]
| 000 -LEADER | |
|---|---|
| fixed length control field | 01353nam a22002657a 4500 |
| 005 - DATE AND TIME OF LATEST TRANSACTION | |
| control field | 20250204202856.0 |
| 008 - FIXED-LENGTH DATA ELEMENTS--GENERAL INFORMATION | |
| fixed length control field | 240827b ||||| |||| 00| 0 eng d |
| 082 ## - DEWEY DECIMAL CLASSIFICATION NUMBER | |
| Classification number | DPer 155.205 J826 July-September 2019 v. 117 n. 1-3 |
| 100 ## - MAIN ENTRY--PERSONAL NAME | |
| Personal name | Goyer, J. Parker. |
| Relator term | author. |
| 9 (RLIN) | 59101 |
| 245 ## - TITLE STATEMENT | |
| Title | Targeted identity-safety interventions cause lasting reductions in discipline citations among negatively stereotyped boys / |
| Statement of responsibility, etc. | J. Parker Goyer, Geoffrey L. Cohen, Allison Master, Wonhee Lee, Amelia G. Henderson, Stephanie L. Reeves, Jonathan E. Cook, Nancy Apfel, Jason A. Okonofua, and Gregory M. Walton. |
| 260 ## - PUBLICATION, DISTRIBUTION, ETC. (IMPRINT) | |
| Place of publication, distribution, etc. | Washington ; |
| Name of publisher, distributor, etc. | American Psychological Association, |
| Date of publication, distribution, etc. | August 2019. |
| 300 ## - PHYSICAL DESCRIPTION | |
| Extent | volume 117, pages 229-259, |
| Other physical details | illustration. |
| 500 ## - GENERAL NOTE | |
| General note | Journal of Personality and Social Psychology vol. 117, no. 2, pages 229-259, August 2019. |
| 700 ## - ADDED ENTRY--PERSONAL NAME | |
| Personal name | Goyer, J. Parker. |
| Relator term | author. |
| 9 (RLIN) | 59101 |
| 700 ## - ADDED ENTRY--PERSONAL NAME | |
| Personal name | Cohen, Geoffrey L. |
| Relator term | author. |
| 9 (RLIN) | 59102 |
| 700 ## - ADDED ENTRY--PERSONAL NAME | |
| Personal name | Master, Allison. |
| Relator term | author. |
| 9 (RLIN) | 59103 |
| 700 ## - ADDED ENTRY--PERSONAL NAME | |
| Personal name | Lee, Wonhee. |
| Relator term | author. |
| 9 (RLIN) | 59104 |
| 700 ## - ADDED ENTRY--PERSONAL NAME | |
| Personal name | Henderson, Amelia G. |
| Relator term | author. |
| 9 (RLIN) | 59105 |
| 700 ## - ADDED ENTRY--PERSONAL NAME | |
| Personal name | Reeves, Stephanie L. |
| Relator term | author. |
| 9 (RLIN) | 59106 |
| 700 ## - ADDED ENTRY--PERSONAL NAME | |
| Personal name | Cook, Jonathan E. |
| Relator term | author. |
| 9 (RLIN) | 59107 |
| 700 ## - ADDED ENTRY--PERSONAL NAME | |
| Personal name | Apfel, Nancy. |
| Relator term | author. |
| 9 (RLIN) | 59108 |
| 700 ## - ADDED ENTRY--PERSONAL NAME | |
| Personal name | Okonofua, Jason A. |
| Relator term | author. |
| 9 (RLIN) | 59109 |
| 700 ## - ADDED ENTRY--PERSONAL NAME | |
| Personal name | Walton, Gregory M. |
| Relator term | author. |
| 9 (RLIN) | 59110 |
| 942 ## - ADDED ENTRY ELEMENTS (KOHA) | |
| Source of classification or shelving scheme | Dewey Decimal Classification |
| Koha item type | Periodicals |
| Withdrawn status | Lost status | Source of classification or shelving scheme | Damaged status | Not for loan | Collection code | Home library | Current library | Date acquired | Total Checkouts | Date last seen | Price effective from | Koha item type | Public note |
|---|---|---|---|---|---|---|---|---|---|---|---|---|---|
| Dewey Decimal Classification | Periodicals | UM Digos College - LIC | UM Digos College - LIC | 08/27/2024 | 08/27/2024 | 08/27/2024 | Periodicals | Periodical Article |
